Tratado básico de biblioteconomía /

Obra que presenta los lineamientos básicos para adquirir una visión de conjunto de la estructura y funcionamiento de una biblioteca contemporánea. Contiene: 1). Concepto y función de los servicios bibliotecarios; 2). Automatización, normalización y nuevas tecnologías; 3). Los procesos técnicos; 4)....

Descripción completa

Guardado en:
Detalles Bibliográficos
Autor principal: Magán Wals, José Antonio (coord.)
Formato: Libro
Idioma:Español
Publicado: Madrid, España : Universidad Complutense de Madrid, 2002, c2002
Edición:4a edición
Colección:(Biblioteca Complutense)
Temas:
Etiquetas: Agrega una etiqueta
Sin etiquetas, Sé el primero en etiquetar este registro!

MARC

LEADER 00000nam^a2200000^a^4500
001 000339111
005 20250521000000.0
009 20260310114415.691
020 |a 84-7491-670-4 
037 |a Acervo ITESO - Biblioteca 
041 |a ESP 
082 |a 020.  |b MAG 
100 |a Magán Wals, José Antonio  |e (coord.) 
245 1 0 |a Tratado básico de biblioteconomía /  |c Coord. de J.A. Magán Wals. 
250 |a 4a edición 
264 4 |a Madrid, España :  |b Universidad Complutense de Madrid,  |c 2002, c2002 
300 |a 483 p. 
336 |a texto  |b txt  |2 rdacontenido 
337 |a sin mediación  |b n  |2 rdamedio 
338 |a volumen  |b nc  |2 rdasoporte 
440 1 |a (Biblioteca Complutense) 
520 |a Obra que presenta los lineamientos básicos para adquirir una visión de conjunto de la estructura y funcionamiento de una biblioteca contemporánea. Contiene: 1). Concepto y función de los servicios bibliotecarios; 2). Automatización, normalización y nuevas tecnologías; 3). Los procesos técnicos; 4). Servicios al usuario y cooperación bibliotecaria; 5). Aspectos básicos de gestión. 
649 |a XX 
650 |a Desarrollo de Colecciones (Bibliotecas) 
650 |a Clasificación Bibliográfica 
650 |a Servicios de Referencia 
650 |a Servicios Técnicos (Bibliotecas) 
650 |a Cooperación Bibliotecaria 
650 |a Tecnologías de Comunicación e Información 
650 |a Recursos Humanos 
650 |a Bibliotecas -  |x Administración 
650 |a Biblioteconomía -  |x Tema Principal 
910 |a Fondo General 
920 |a Impresos - Libros 
930 |a Obras de Referencia 
940 |a Biblioteconomía 
905 |a 102 
901 |a 0500229393  |b IT2  |c REF  |i C70025  |u 20250521 
902 |a https://opac.biblio.iteso.mx/vufind/Record/000339111